Movies By One Word Clue - Statistics

General Stats
  • This quiz has been taken 52 times
  • The average score is 9 of 15
Answer Stats
Hint Answer % Correct
Lightyear Toy Story
92%
DeLorean Back To The Future
88%
Kevin Home Alone
88%
Boardgame Jumanji
88%
Force Star Wars
88%
Toto The Wizard Of Oz
83%
Disco Saturday Night Fever
71%
Slimed Ghostbusters
65%
Eidelweiss The Sound Of Music
63%
Baby Dirty Dancing
50%
Amity Jaws
50%
Tara Gone With The Wind
35%
Mini The Italian Job
33%
Childcatcher Chitty Chitty Bang Bang
27%
Bunny Fatal Attraction
8%
No matching quizzes found
Score Distribution
Percent of People with Each Score
Percentile by Number Answered
Your Score History
You have not taken this quiz